Guard your assets (Record no. 80208)

MARC details
000 -LEADER
fixed length control field 01093cab a22001935a 4500
001 - CONTROL NUMBER
control field L143497
008 - FIXED-LENGTH DATA ELEMENTS--GENERAL INFORMATION
fixed length control field 080514s2008 xxkd f 000 0 eng d
035 ## - SYSTEM CONTROL NUMBER
System control number (Sirsi) u143497
041 0# - LANGUAGE CODE
Language code of text/sound track or separate title eng
245 00 - TITLE STATEMENT
Title Guard your assets
260 ## - PUBLICATION, DISTRIBUTION, ETC.
Date of publication, distribution, etc. 2008
490 #0 - SERIES STATEMENT
Series statement Building Services Journal
Volume/sequential designation 30(5) May 2008, 44-50(7)
520 ## - SUMMARY, ETC.
Summary, etc. Hay's latest building services salary guide reveals 20% of bosses reported significant salary increases over the past 12 months, with managing directors across the UK achieving an average salary increase of over 7%. Senior electrical engineers achieved the highest rise in this year?s survey, an increase of nearly 9%. A key problem for employers is recruiting and retaining good staff. Provides salary tables for electrical engineers, consulting management, consulting engineers (CAD, general and other roles), estimators, and contractors - management. The tables are broken down by UK region and level of job.
590 ## - LOCAL NOTE (RLIN)
Local note KA
650 24 - SUBJECT ADDED ENTRY--TOPICAL TERM
Topical term or geographic name entry element HAYS BUILDING SERVICES SALARY GUIDE
651 #4 - SUBJECT ADDED ENTRY--GEOGRAPHIC NAME
Geographic name United Kingdom
Chronological subdivision
690 ## - LOCAL SUBJECT ADDED ENTRY--TOPICAL TERM (OCLC, RLIN)
Topical term or geographic name as entry element Block management
9 (RLIN) 6220
942 ## - ADDED ENTRY ELEMENTS (KOHA)
Suppress in OPAC 0
Holdings
Withdrawn status Lost status Source of classification or shelving scheme Damaged status Not for loan Home library Current library Shelving location Date acquired Total Checkouts Full call number Barcode Date last seen Copy number Price effective from Koha item type
    Dewey Decimal Classification     London London Journal article 14/05/2008   L143497 143497-1001 06/08/2019 1 06/08/2019 Journal article